15 Grootste Steden van het Midden-Oosten met een Kaart - Statistieken

Algemene statistieken
  • Deze quiz is 1.745 keer genomen
  • De gemiddelde score is 10 van 15
Antwoorden op de kaart
Antwoorden kleurgecodeerd door een groen-rode schaal op de quizkaart volgens % correct hieronder.
 
Antwoordstatistieken
Inwoners Stad % Correct
21.0 mil Caïro
96%
5.05 mil Ankara
94%
16.0 mil Istanboel
89%
5.35 mil Dubai
87%
15.3 mil Teheran
78%
7.00 mil Bagdad
76%
3.83 mil Damascus
71%
8.05 mil Riyad
70%
4.75 mil Koeweit
68%
5.80 mil Alexandrië
64%
5.60 mil Amman
57%
3.03 mil İzmir
52%
4.95 mil Djeddah
36%
3.20 mil Isfahan
25%
3.20 mil Mashhad
20%
Geen overeenkomende quizzen gevonden
Scoreverdeling
Procent van Mensen met Elke Score
Percentiel versus Aantal Correcte Antwoorden
Uw Scoregeschiedenis
U heeft deze quiz nog niet genomen